[Event "Famalicao op 10th"]
[Site "Vila Nova de Famalicao"]
[Date "2023.07.25"]
[Round "3"]
[White "Srinath, Rao SV"]
[Black "Afonso, Joao Pedro"]
[Result "1-0"]
[WhiteElo "2287"]
[BlackElo "1880"]
[PlyCount "69"]
[EventDate "2023.07.24"]
[EventType "swiss"]
[EventRounds "9"]
[EventCountry "POR"]
[SourceTitle "EXT 2024"]
[Source "ChessBase"]
[SourceDate "2023.10.10"]
[SourceVersion "1"]
[SourceVersionDate "2023.10.10"]
[SourceQuality "1"]

1. e4 c5 2. Nf3 Nc6 3. b3 Qc7 4. Bb2 e6 5. g3 Nf6 6. e5 Ng4 7. Qe2 f6 8. exf6 Nxf6 9. Bg2 Be7 10. 0-0 0-0 11. d4 cxd4 12. Nxd4 Nxd4 13. Bxd4 d6 14. Nc3 a6 15. Na4 Bd7 16. Nb6 Rae8 17. Nxd7 Qxd7 18. Bh3 Bd8 19. Rae1 Kh8 20. Bxe6 Qc6 21. Qd3 Qb5 22. c4 Qh5 23. Qf5 Ba5 24. Qxh5 Nxh5 25. Re2 Re7 26. f4 Nf6 27. f5 Nd7 28. Rf4 Bb6 29. Bxb6 Nxb6 30. Rd2 Nc8 31. Rfd4 g6 32. Bxc8 Rxc8 33. fxg6 hxg6 34. Rxd6 Kg7 35. Rd7 1-0

[Event "Titled Tuesday intern op 11th Jul Late"]
[Site "Chess.com INT"]
[Date "2023.07.11"]
[Round "5"]
[White "Srinath, Rao SV"]
[Black "Rosen, Eric S"]
[Result "1-0"]
[WhiteElo "2287"]
[BlackElo "2344"]
[PlyCount "63"]
[EventDate "2023.07.11"]
[EventType "swiss (blitz)"]
[EventRounds "11"]
[EventCountry "USA"]
[SourceTitle "EXT 2024"]
[Source "ChessBase"]
[SourceDate "2023.10.10"]
[SourceVersion "1"]
[SourceVersionDate "2023.10.10"]
[SourceQuality "1"]

1. e4 e5 2. Nf3 Nf6 3. Nc3 Bc5 4. Bc4 d6 5. d3 Nc6 6. Na4 Bb6 7. h3 0-0 8. Nxb6 axb6 9. a3 Be6 10. Bxe6 fxe6 11. 0-0 Qe8 12. Re1 Nh5 13. c3 Nf4 14. Bxf4 Rxf4 15. d4 exd4 16. cxd4 Qf7 17. d5 Ne7 18. Ng5 Qf6 19. Nxe6 Rxf2 20. Rf1 Rxf1+ 21. Qxf1 Qxb2 22. Rc1 c5 23. Rb1 Qe5 24. Rxb6 Qxe4 25. Rxb7 Nf5 26. Qa1 Qe3+ 27. Kh1 Qg3 28. Qb1 Rxa3 29. Rb8+ Kf7 30. Qxf5+ Ke7 31. Rb7+ Ke8 32. Qf7# 1-0

[Event "Titled Tuesday intern op 02nd May Early"]
[Site "Chess.com INT"]
[Date "2023.05.02"]
[Round "4"]
[White "Makhmudov, Shukhrat"]
[Black "Srinath, Rao SV"]
[Result "0-1"]
[WhiteElo "2115"]
[BlackElo "2287"]
[PlyCount "74"]
[EventDate "2023.05.02"]
[EventType "swiss (blitz)"]
[EventRounds "11"]
[EventCountry "USA"]
[SourceTitle "EXT 2024"]
[Source "ChessBase"]
[SourceDate "2023.10.10"]
[SourceVersion "1"]
[SourceVersionDate "2023.10.10"]
[SourceQuality "1"]

1. e4 e5 2. Nf3 Nc6 3. Bb5 Nf6 4. 0-0 Nxe4 5. Re1 Nd6 6. Nxe5 Nxe5 7. d4 Nxb5 8. Rxe5+ Be7 9. Bg5 f6 10. Bxf6 gxf6 11. Qh5+ Kf8 12. Qh6+ Kf7 13. Qh5+ Kg7 14. Re3 Rg8 15. Rh3 Nxd4 16. Qh6+ Kf7 17. Qxh7+ Rg7 18. Qh5+ Kf8 19. Qh8+ Rg8 20. Qh6+ Kf7 21. Qh7+ Rg7 22. Qh5+ Ke6 23. Re3+ Kd6 24. Nc3 c6 25. Rd1 Kc7 26. Rxd4 d5 27. Qh6 Qg8 28. Rxd5 Rxg2+ 29. Kf1 Rg1+ 30. Ke2 Bg4+ 31. Kd2 cxd5 32. Rxe7+ Kc8 33. Qxf6 Bd7 34. Qd6 Qg5+ 35. Kd3 Qf5+ 36. Kd4 Rg4+ 37. Kc5 Rc4# 0-1

[Event "Titled Tuesday intern op 25th Apr Late"]
[Site "Chess.com INT"]
[Date "2023.04.25"]
[Round "5"]
[White "Krivenko, Dion"]
[Black "Srinath, Rao SV"]
[Result "1/2-1/2"]
[WhiteElo "2136"]
[BlackElo "2284"]
[PlyCount "101"]
[EventDate "2023.04.25"]
[EventType "swiss (blitz)"]
[EventRounds "11"]
[EventCountry "USA"]
[SourceTitle "EXT 2024"]
[Source "ChessBase"]
[SourceDate "2023.10.10"]
[SourceVersion "1"]
[SourceVersionDate "2023.10.10"]
[SourceQuality "1"]

1. e4 c5 2. Nf3 d6 3. d4 cxd4 4. Qxd4 Nc6 5. Bb5 Qa5+ 6. Nc3 Qxb5 7. Nxb5 Nxd4 8. Nbxd4 Nf6 9. e5 dxe5 10. Nxe5 Bd7 11. 0-0 e6 12. Bg5 Bd6 13. Bxf6 gxf6 14. Nxd7 Kxd7 15. Rfd1 Ke7 16. g3 Rhd8 17. Kf1 Be5 18. c3 Bxd4 19. cxd4 Rd7 20. Rac1 Rad8 21. Rc4 e5 22. Ke2 Ke6 23. Ke3 f5 24. f4 f6 25. a4 a5 26. b4 axb4 27. Rxb4 exd4+ 28. Rdxd4 Rxd4 29. Rxd4 Rc8 30. Rb4 Rc2 31. Rb6+ Kf7 32. Rxb7+ Kg6 33. h4 Rc3+ 34. Kf2 Rc2+ 35. Kf3 Rc3+ 36. Kg2 Rc2+ 37. Kh3 h5 38. Ra7 Ra2 39. a5 Kh6 40. a6 Kg6 41. Ra8 Kg7 42. a7 Kh7 43. Rf8 Rxa7 44. Rxf6 Ra5 45. Kg2 Kg7 46. Rb6 Ra2+ 47. Kf3 Ra3+ 48. Kf2 Ra2+ 49. Kf3 Ra3+ 50. Kf2 Ra2+ 51. Kf3 1/2-1/2

[Event "Titled Tuesday intern op 25th Apr Late"]
[Site "Chess.com INT"]
[Date "2023.04.25"]
[Round "1"]
[White "Srinath, Rao SV"]
[Black "Smith, Garrett L"]
[Result "0-1"]
[WhiteElo "2284"]
[BlackElo "2047"]
[PlyCount "190"]
[EventDate "2023.04.25"]
[EventType "swiss (blitz)"]
[EventRounds "11"]
[EventCountry "USA"]
[SourceTitle "EXT 2024"]
[Source "ChessBase"]
[SourceDate "2023.10.10"]
[SourceVersion "1"]
[SourceVersionDate "2023.10.10"]
[SourceQuality "1"]

1. e4 c5 2. Nf3 Nc6 3. d4 cxd4 4. Nxd4 e5 5. Nf3 Nf6 6. Nc3 Bb4 7. Bd3 d5 8. exd5 Qxd5 9. 0-0 Bxc3 10. bxc3 Bg4 11. Be2 0-0 12. Qxd5 Nxd5 13. c4 Nc3 14. Bd1 e4 15. h3 Bh5 16. g4 Bg6 17. Nh4 Rac8 18. Nxg6 fxg6 19. Bd2 Nxd1 20. Rfxd1 Ne5 21. Bb4 Rf7 22. Rd5 Nxc4 23. Re1 Re8 24. Rd4 b5 25. Rdxe4 Rxe4 26. Rxe4 h5 27. gxh5 gxh5 28. Re8+ Kh7 29. Ra8 Rd7 30. Rb8 a5 31. Bc5 b4 32. Rc8 Na3 33. c3 Rd1+ 34. Kg2 Nc2 35. cxb4 Nxb4 36. Rc7 Nd3 37. Bf8 Rd2 38. Rxg7+ Kh8 39. Rf7 Rxa2 40. Rf5 Kg8 41. Bd6 a4 42. Bg3 a3 43. Rg5+ Kf7 44. Rxh5 Rb2 45. Ra5 a2 46. h4 Nc1 47. Be5 Rb1 48. h5 Nd3 49. Bd4 Nb4 50. h6 Kg6 51. Ra7 Kxh6 52. Be3+ Kg6 53. Bd4 Nc2 54. Ra6+ Kf7 55. Bc3 a1Q 56. Bxa1 Nxa1 57. Kg3 Nb3 58. Kg4 Nd4 59. Ra7+ Ke6 60. Ra6+ Kd5 61. Ra5+ Ke4 62. Kg5 Rg1+ 63. Kf6 Rf1 64. Re5+ Kd3 65. Rd5 Rxf2+ 66. Ke7 Ke4 67. Rc5 Nf5+ 68. Ke6 Ra2 69. Rc4+ Nd4+ 70. Kd6 Ra6+ 71. Kc5 Rc6+ 72. Kb4 Rb6+ 73. Kc5 Rb5+ 74. Kd6 Kd3 75. Rc5 Rb6+ 76. Ke5 Nf3+ 77. Kf4 Rf6+ 78. Kg3 Nd4 79. Rd5 Rf3+ 80. Kg4 Re3 81. Kf4 Re4+ 82. Kg3 Ke3 83. Rd8 Nf5+ 84. Kg2 Nd4 85. Kg3 Nf5+ 86. Kg2 Kf4 87. Kf2 Ra4 88. Rd2 Ra3 89. Rb2 Nd4 90. Rb4 Ra2+ 91. Ke1 Ke3 92. Kf1 Kf3 93. Kg1 Kg3 94. Rb1 Nf3+ 95. Kh1 Rh2# 0-1